Logo CIB grande

Wireless networking: Introduction to bluetooth and wiFi (Registro nro. 237725)

Detalles MARC
000 -LEADER
campo de control de longitud fija 00694nam a2200241Ia 4500
005 - FECHA Y HORA DE LA ÚLTIMA TRANSACCIÓN
campo de control 20250425162841.0
008 - DATOS DE LONGITUD FIJA--INFORMACIÓN GENERAL
campo de control de longitud fija 250425s9999 xx 000 0 und d
020 ## - NÚMERO INTERNACIONAL ESTÁNDAR DEL LIBRO
Número Internacional Estándar del Libro 978 1973252115
041 ## - CÓDIGO DE IDIOMA
Código de lengua del texto/banda sonora o título independiente eng
082 ## - NÚMERO DE LA CLASIFICACIÓN DECIMAL DEWEY
Número de clasificación 621.3
Iniciales del Autor COL
010 ## - NÚMERO DE CONTROL DE LA BIBLIOTECA DEL CONGRESO
Número de control de LC 113640
100 ## - ENTRADA PRINCIPAL--NOMBRE DE PERSONA
Nombre de persona Colbach Gordon
245 #0 - MENCIÓN DEL TÍTULO
Título Wireless networking: Introduction to bluetooth and wiFi
Mención de responsabilidad, etc. Gordon, Colbach
250 ## - MENCION DE EDICION
Mención de edición first edition
260 ## - PUBLICACIÓN, DISTRIBUCIÓN, ETC.
Lugar de publicación, distribución, etc. Orlando
Nombre del editor, distribuidor, etc. S.E.
Fecha de publicación, distribución, etc. 2017
300 ## - DESCRIPCIÓN FÍSICA
Extensión 185 pagina
Otras características físicas ilustración
Dimensiones 24 cm.
500 ## - NOTA GENERAL
Nota general Incluye índice
650 ## - PUNTO DE ACCESO ADICIONAL DE MATERIA--TÉRMINO DE MATERIA
Término de materia o nombre geográfico como elemento de entrada Conexión LAM
650 ## - PUNTO DE ACCESO ADICIONAL DE MATERIA--TÉRMINO DE MATERIA
Término de materia o nombre geográfico como elemento de entrada Conexiones móviles inalámbricas
650 ## - PUNTO DE ACCESO ADICIONAL DE MATERIA--TÉRMINO DE MATERIA
Término de materia o nombre geográfico como elemento de entrada Redes informáticas inalámbricas
902 ## - ELEMENTOS DE DATOS B LOCAL, LDB (RLIN)
a Monográfico
c Impreso
942 ## - ELEMENTOS DE ENTRADA SECUNDARIOS (KOHA)
Tipo de ítem Koha Libros
Existencias
Estatus retirado Estado de pérdida Estado de daño No para préstamo Biblioteca de origen Biblioteca actual Fecha de adquisición Coste, precio normal de compra Etiqueta RFID Total de préstamos Código de barras Copia número Tipo de ítem Koha Nota pública
        CENTRO DE INFORMACIÓN BIBLIOTECARIA CENTRO DE INFORMACIÓN BIBLIOTECARIA 16/09/2023 60.00 0000000000000000036292   80957 1 Libros comprado/Pablo Nuñez

Copyright 2025 ESPOL. Todos los derechos reservados.